| 000 | 00411cam a22001217a 4500 | ||
|---|---|---|---|
| 008 | 180718b--- xxu||||| |||| 00| 0 eng d | ||
| 082 | _aT068x54 In2 | ||
| 245 |
_aTables with notes on urban labour force: national sample survey _cby Cabinet Secretariat |
||
| 260 |
_aNew Delhi _bGovernment of India _c--- |
||
| 300 | _av.p. | ||
| 500 | _aContents: Library has 127, 152, 181 no | ||
| 700 | _aIndia. Cabinet Secretariat | ||
| 999 |
_c497116 _d497116 |
||